Statistics for Actors by Film #4

Click here to take the quiz!

General Stats

  • This quiz has been taken 29 times
  • The average score is 12 of 20

Answer Stats

FilmFilmFilmActor/Actress% Correct
Star WarsBlade RunnerRaiders of the Lost ArkHarrison Ford
100%
The Shawshank RedemptionSevenThe Dark KnightMorgan Freeman
89%
Malcolm XTraining DayAmerican GangsterDenzel Washington
85%
One Flew Over the Cuckoo's NestBatmanThe ShiningJack Nicholson
85%
The Usual SuspectsSevenAmerican BeautyKevin Spacey
85%
AlienAvatarGhostbustersSigourney Weaver
81%
CatwomanX-MenDie Another DayHalle Berry
74%
Eternal Sunshine of the Spotless MindTitanicSense and SensibilityKate Winslet
74%
TwilightHarry PotterThe BatmanRobert Pattinson
70%
Modern TimesCity LightsThe Great DictatorCharles Chaplin
63%
Charlie and the Chocolate FactoryHarry PotterFight ClubHelena Bonham Carter
52%
How to Lose a Guy in 10 DaysAlmost FamousDeepwater HorizonKate Hudson
52%
American PsychoGone GirlLegally BlondeReese Witherspoon
52%
Pirates of the CaribbeanLove ActuallyThe Imitation GameKeira Knightley
44%
Murder on the Orient ExpressNotoriousCasablancaIngrid Bergman
41%
Requiem for a DreamFight ClubAmerican PsychoJared Leto
41%
Sherlock HolmesThe NotebookMean GirlsRachel McAdams
41%
Pirates of the CaribbeanSkyfallPride & PrejudiceJudi Dench
22%
The Hunger GamesThe TerminalCaptain AmericaStanley Tucci
22%
Flash GordonThe ExorcistMinority ReportMax von Sydow
0%

Score Distribution

Percentile by Number Answered

Percent of People with Each Score

Your Score History

You have not taken this quiz